000 00368nam a2200169Ia 4500
005 20250425160943.0
008 250425s9999 xx 000 0 und d
041 _aeng
082 _a333.7912
245 0 _aDEMAND-SIDE MANAGEMENT
250 _aS.E.
260 _aEstados Unidos
_bEPRI
_c1984
260 _aS.L.
300 _a125
942 _c01
010 _a9205
999 _c199578
_d199578